|
|
|
|
| LEADER |
02818nam a22005175i 4500 |
| 001 |
978-3-319-48523-2 |
| 003 |
DE-He213 |
| 005 |
20161008172322.0 |
| 007 |
cr nn 008mamaa |
| 008 |
161008s2017 gw | s |||| 0|eng d |
| 020 |
|
|
|a 9783319485232
|9 978-3-319-48523-2
|
| 024 |
7 |
|
|a 10.1007/978-3-319-48523-2
|2 doi
|
| 040 |
|
|
|d GrThAP
|
| 050 |
|
4 |
|a Q342
|
| 072 |
|
7 |
|a UYQ
|2 bicssc
|
| 072 |
|
7 |
|a COM004000
|2 bisacsh
|
| 082 |
0 |
4 |
|a 006.3
|2 23
|
| 245 |
1 |
0 |
|a Trends and Applications in Software Engineering
|h [electronic resource] :
|b Proceedings of CIMPS 2016 /
|c edited by Jezreel Mejia, Mirna Muñoz, Álvaro Rocha, Tomas San Feliu, Adriana Peña.
|
| 264 |
|
1 |
|a Cham :
|b Springer International Publishing :
|b Imprint: Springer,
|c 2017.
|
| 300 |
|
|
|a XIII, 294 p. 92 illus.
|b online resource.
|
| 336 |
|
|
|a text
|b txt
|2 rdacontent
|
| 337 |
|
|
|a computer
|b c
|2 rdamedia
|
| 338 |
|
|
|a online resource
|b cr
|2 rdacarrier
|
| 347 |
|
|
|a text file
|b PDF
|2 rda
|
| 490 |
1 |
|
|a Advances in Intelligent Systems and Computing,
|x 2194-5357 ;
|v 537
|
| 520 |
|
|
|a This book offers a selection of papers from the 2016 International Conference on Software Process Improvement (CIMPS’16), held between the 12th and 14th of October 2016 in Aguascalientes, Aguascalientes, México. The CIMPS’16 is a global forum for researchers and practitioners to present and discuss the most recent innovations, trends, results, experiences and concerns in the different aspects of software engineering with a focus on, but not limited to, software processes, security in information and communication technology, and big data. The main topics covered include: organizational models, standards and methodologies, knowledge management, software systems, applications and tools, information and communication technologies and processes in non-software domains (mining, automotive, aerospace, business, health care, manufacturing, etc.) with a clear focus on software process challenges.
|
| 650 |
|
0 |
|a Engineering.
|
| 650 |
|
0 |
|a Software engineering.
|
| 650 |
|
0 |
|a Artificial intelligence.
|
| 650 |
|
0 |
|a Computational intelligence.
|
| 650 |
1 |
4 |
|a Engineering.
|
| 650 |
2 |
4 |
|a Computational Intelligence.
|
| 650 |
2 |
4 |
|a Software Engineering.
|
| 650 |
2 |
4 |
|a Artificial Intelligence (incl. Robotics).
|
| 700 |
1 |
|
|a Mejia, Jezreel.
|e editor.
|
| 700 |
1 |
|
|a Muñoz, Mirna.
|e editor.
|
| 700 |
1 |
|
|a Rocha, Álvaro.
|e editor.
|
| 700 |
1 |
|
|a San Feliu, Tomas.
|e editor.
|
| 700 |
1 |
|
|a Peña, Adriana.
|e editor.
|
| 710 |
2 |
|
|a SpringerLink (Online service)
|
| 773 |
0 |
|
|t Springer eBooks
|
| 776 |
0 |
8 |
|i Printed edition:
|z 9783319485225
|
| 830 |
|
0 |
|a Advances in Intelligent Systems and Computing,
|x 2194-5357 ;
|v 537
|
| 856 |
4 |
0 |
|u http://dx.doi.org/10.1007/978-3-319-48523-2
|z Full Text via HEAL-Link
|
| 912 |
|
|
|a ZDB-2-ENG
|
| 950 |
|
|
|a Engineering (Springer-11647)
|